000 01149cam a2200277 a 4500
005 20151105124027.0
008 04 s2004 enkaf frb 001 0 eng d
020 _a0192805754
035 _a(OCoLC)ocm55049312
040 _aCO-BoUMC
_cSaul Niño
_dSaul Niño
041 0 _aeng
100 1 _aFernández-Armesto, Felipe
_973198
245 1 0 _aHumankind
_ba brief history
_cFelipe Fernández-Armesto
260 _aOxford (Inglaterra)
_bOxford University Press
_c2004
300 _axi, 190 páginas
_bilustraciones, láminas
500 _aIncluye índice
500 _aPresenta resaltador en partes del texto
650 0 _aFilosofía antropológica
_915728
650 0 _aSeres humanos
_924231
_xHistoria
650 0 _aUniverso
_952402
_xHistoria
856 4 1 _3Table of contents only
_uhttp://www.loc.gov/catdir/toc/fy051/2004300669.html
856 4 2 _3Publisher description
_uhttp://www.loc.gov/catdir/enhancements/fy0620/2004300669-d.html
856 4 2 _3Contributor biographical information
_uhttp://www.loc.gov/catdir/enhancements/fy0723/2004300669-b.html
942 _2DEWEY
_a2
_cLIBRO
_e1
_h128
_mF363hu
999 _c302015
_d302015